000 00901nam a2200229 a 4500
001 000025006
005 20200930023514.0
008 110208s2001 xxuabc r 000 0 spa d
020 _a1886502331
040 _aDO-SdBNP
_bspa
_cBNPHU
082 _axxxxx
_bO11d
100 1 _aOakes, Maud
_951313
245 1 4 _aLas dos cruces de todos santos :
_bla religiosidad de un pueblo maya /
_cMaud Oakes ; traducción Fernando Peñalosa.
260 _aNew Jersey :
_bFundación Yax Te :
_bCultura,
_c2001.
300 _ax, 228 p. :
_bil., mapas., retrs. ;
_c21 cm.
500 _aIncluye notas al pie de las páginas.
500 _aIncluye referencia biográfica del autor en la contracubierta.
500 _aIncluye referencia bibliográfica p. [226-228].
534 _aTítulo original:
_tThe two crosses of todos santos,
_cPantheon Books, 1951
700 1 _aPeñalosa, Fernando,
_etr.
_951314
049 _aBNGR
999 _c24499
_d24499